<?xml version="1.0" encoding="UTF-8"?><?xml-stylesheet type="text/xsl" href="static/style.xsl"?><OAI-PMH xmlns="http://www.openarchives.org/OAI/2.0/" xmlns:xsi="http://www.w3.org/2001/XMLSchema-instance" xsi:schemaLocation="http://www.openarchives.org/OAI/2.0/ http://www.openarchives.org/OAI/2.0/OAI-PMH.xsd"><responseDate>2026-06-29T03:13:04Z</responseDate><request verb="GetRecord" identifier="oai:docta.ucm.es:20.500.14352/117942" metadataPrefix="marc">https://docta.ucm.es/rest/oai/request</request><GetRecord><record><header><identifier>oai:docta.ucm.es:20.500.14352/117942</identifier><datestamp>2025-05-14T15:01:14Z</datestamp><setSpec>com_20.500.14352_14</setSpec><setSpec>col_20.500.14352_17</setSpec></header><metadata><record xmlns="http://www.loc.gov/MARC21/slim" xmlns:dcterms="http://purl.org/dc/terms/" xmlns:xsi="http://www.w3.org/2001/XMLSchema-instance" xmlns:doc="http://www.lyncode.com/xoai" xsi:schemaLocation="http://www.loc.gov/MARC21/slim http://www.loc.gov/standards/marcxml/schema/MARC21slim.xsd">
   <leader>00925njm 22002777a 4500</leader>
   <datafield ind2=" " ind1=" " tag="042">
      <subfield code="a">dc</subfield>
   </datafield>
   <datafield ind2=" " ind1=" " tag="720">
      <subfield code="a">Ediciones Complutense</subfield>
      <subfield code="e">author</subfield>
   </datafield>
   <datafield ind2=" " ind1=" " tag="260">
      <subfield code="c">2021</subfield>
   </datafield>
   <datafield ind2=" " ind1=" " tag="520">
      <subfield code="a">Ediciones Complutense ha elaborado el “Informe anual de Revistas Científicas Complutense 2020” que permite analizar el estado actual de las revistas científicas alojadas en dicho portal y, de esta forma, prestar un servicio de ayuda a la mejora de su profesionalización e internacionalización. Con ello también se dota a las revistas de un estándar de buenas prácticas basado en criterios de evaluación editorial y científicos determinados por Ediciones Complutense y por organismos de reconocido prestigio internacional como la FECYT</subfield>
   </datafield>
   <datafield ind1="8" ind2=" " tag="024">
      <subfield code="a">https://hdl.handle.net/20.500.14352/117942</subfield>
   </datafield>
   <datafield ind2="0" ind1="0" tag="245">
      <subfield code="a">Informe de evaluación del Portal de Revistas Científicas Complutenses 2020</subfield>
   </datafield>
</record></metadata></record></GetRecord></OAI-PMH>